000 01953cam a22003015a 4500
001 L146829
002 17790
008 090303s2009 xxk f 000 0 eng d
020 _a9781842194546
035 _a(Sirsi) u146829
041 0 _aeng
050 0 4 _a346.410432 $2 18
100 1 _aAnstey, John
245 0 0 _aAnstey's boundary disputes and how to resolve them!
_bupdated by David Powell
250 _a4th ed.
260 _aCoventry
_bRICS Books
_c2009
300 _axii, 150p.
_bill.
_c21cm.
350 _a27.95
505 2 _aDeed plans and Land Registry title plans -- Words or pictures? -- Applying paper-title to the land in question -- General and determined boundaries -- Housing estates and developers' layout plans -- Adverse possession -- Aerial and terrestrial photographs -- How large is too little? -- Party walls and 'party' walls -- The boundary between attached houses -- The 'L'-shaped house -- Streets -- Overhanging and underpinning -- Horizontal boundaries -- Finding the position of the dividing wall -- Garden walls, fences and bits of string -- Hedges (sometimes with ditches) -- What's under the ground? -- The empty garden -- Mediation -- Adjudication -- The task of the expert witness -- Clients in court -- Mistakes and pitfalls to watch for -- Summing up -- The way forward
520 _aAimed at both surveyors and property owners, this straightforward guide explains how to discover where boundaries are and what to do about disputes concerning them. The fourth edition has been updated and includes new sections on adjudication and mediation. Addresses a number of difficult boundary disputes and provides useful tips on how to resolve them.
520 _aSupersedes third edition (ISBN 1842191896).
521 _aIntroductory
590 _aKA
651 4 _aEngland and Wales
_y1543-
690 _aPROPERTY-PROPERTY MANAGEMENT-BOUNDARY DETERMINATION-BOUNDARIES
700 1 _aPowell, David
942 _n0
999 _c109310
_d109310